000 01652nam a2200373 c 4500
003 BLK
005 20180420220935.0
008 180408b bul|||||r ||||||| ||bul||
010 _aKNG00039912000
040 _aBLK
041 _aRUS
_cRUS
080 _aСоциология. Вж и 1 ; 159.9 ; 308 ; 314 ; 39
_b316
_x(038.1)=82=20
_z316(038.1)=82=20
080 _aРазлични категории думи
_b81`373.4
_x=82=20:316
_z81`373.4=82=20:316
100 1 _aДжери, Дэвид
_eпърви автор
_9275135
700 1 _aДжери, Джулия
_eсъавт.
_9275136
700 1 _aМарчук, Н. Н.
_eпер. с англ.
_9275137
139 _aДжери, Дэвид и др.
_bД 51
245 1 0 _aБольшой толковый социологический словарь (Collins)
_bТ. 1 -
_cДэвид Джери; съавт. Джулия Джери; пер. с англ. Н. Н. Марчук.
_nТ. 1
_pА - О
246 1 1 _aCollins Dictionary of Sociology
257 _aUSA
260 Москва
_bВече
_c1999 -
_fЯрославль : ОАО Ярославский полиграф. комб.
300 _c23 см
380 _a3
500 _aОриг. загл. Collins Dictionary of Sociology / David Jary, Julia Jary. - Офс. изд.
650 4 _aСоциология - речници
_9243181
653 _aсоциология
653 _aтерминологични речници
760 1 _aДжери, Дэвид
_d1999
_h544 с.
_n10 000 тир.
_tТ. 1 А - О
852 _aЦб 209263
856 4 _qpdf
_u
856 4 _qpdf
_u
942 _cKNG
_n0
944 _aCR
_c15.01.2003
_kКети_Илиева
944 _aED
_c23.06.2005
_k
999 _c36793
_d36793